书目信息 |
| 题名: |
计算机在建筑工程造价中的应用
|
|
| 作者: | 李淑红 , 马继东 编著 | |
| 分册: | ||
| 出版信息: | 哈尔滨 东北林业大学出版社 2005.06 |
|
| 页数: | 183页 | |
| 开本: | 24cm | |
| 丛书名: | ||
| 单 册: | ||
| 中图分类: | TU723.3-39 | |
| 科图分类: | ||
| 主题词: | 建筑造价管理--jian zhu zao jia guan li--计算机应用 | |
| 电子资源: | ||
| ISBN: | 7-81076-743-7 | |
| 000 | 00961nam0 2200241 450 | |
| 001 | 012007182066 | |
| 005 | 20070509104353.39 | |
| 010 | @a7-81076-743-7@dCNY20.00 | |
| 100 | @a20070405d2005 km y0chiy0120 ea | |
| 101 | 0 | @achi |
| 102 | @aCN@b230000 | |
| 105 | @aa a 000yy | |
| 200 | 1 | @a计算机在建筑工程造价中的应用@Aji suan ji zai jian zhu gong cheng zao jia zhong de ying yong@f李淑红, 马继东编著@Fli shu hong,ma ji dong bian zhu |
| 210 | @a哈尔滨@c东北林业大学出版社@d2005.06 | |
| 215 | @a183页@c图@d24cm | |
| 320 | @a有书目 (第182-183页)。 | |
| 330 | @a本书主要围绕工程量计算软件、钢筋用量计算软件、工程套价软件讲述,介绍其使用方法和主要功能。适用于各类大中专院校、职业技术教育工程管理专业及工程管理培训班的教学。 | |
| 606 | 0 | @a建筑造价管理@Ajian zhu zao jia guan li@x计算机应用 |
| 690 | @aTU723.3-39@v4 | |
| 701 | 0 | @a李淑红@Ali shu hong@4编著 |
| 701 | 0 | @a马继东@Ama ji dong@4编著 |
| 801 | 0 | @aCN@c20070509 |
| 905 | @a10447@dTU723.3-39@eL262 | |
| 计算机在建筑工程造价中的应用/李淑红, 马继东编著.-哈尔滨:东北林业大学出版社,2005.06 |
| 183页:图;24cm |
| ISBN 7-81076-743-7:CNY20.00 |
| 本书主要围绕工程量计算软件、钢筋用量计算软件、工程套价软件讲述,介绍其使用方法和主要功能。适用于各类大中专院校、职业技术教育工程管理专业及工程管理培训班的教学。 |
| ● |
| 相关链接 |
|
|
|
正题名:计算机在建筑工程造价中的应用
索取号:TU723.3-39/L262
 
预约/预借
| 序号 | 登录号 | 条形码 | 馆藏地/架位号 | 状态 | 备注 |
| 1 | 239690 | 202396905 | 建筑库201/201建筑库 105排5列4层/ [索取号:TU723.3-39/L262] | 在馆 | |
| 2 | 239691 | 202396914 | 建筑库201/201建筑库 105排5列4层/ [索取号:TU723.3-39/L262] | 在馆 | |
| 3 | 239692 | 202396923 | 建筑库201/201建筑库 105排5列4层/ [索取号:TU723.3-39/L262] | 在馆 |